000 00246nam a2200097Ia 4500
008 240331s9999 xx 000 0 und d
082 _bWOM
100 _aLogo. ed
245 0 _aWoman's Subordination :
_bAsian perspectives-Logos v,20, no.4
942 _cL
999 _c1888
_d1888